| 000 | 00401pab a2200145 454500 | ||
|---|---|---|---|
| 008 | 180718b1988 xxu||||| |||| 00| 0 eng d | ||
| 100 | _aSelvaraju, V. | ||
| 245 |
_aFactory sector of all India and Karnataka _bA comparative study |
||
| 260 | _c1988 | ||
| 300 | _a320-33 | ||
| 362 | _aJan. | ||
| 650 | _aFactories - India - Karnataka | ||
| 773 | _aIndian Journal of Industrial Relations | ||
| 909 | _a7989 | ||
| 999 |
_c7989 _d7989 |
||